000
00265nam a2200121Ia 4500
008
190216s9999||||xx |||||||||||||| ||und||
100
_a
Null
245
0
_a
Science Nigandu
260
_b
Kerala Basha Inst
_c
1975
300
_a
403p
650
_a
Physics
942
_c
BK
999
_c
37850
_d
37850